[Event "Clippert Mini-Swiss (May)"]
[Site "Detroit, Mich."]
[Date "1990.05.19"]
[Round "3"]
[White "Sobh, Hassan"]
[Black "Moody, David"]
[Result "0-1"]
[WhiteElo "1710"]
[BlackElo "2043"]
[PlyCount "104"]
[EventDate "1990.05.19"]

1. e4 e5 2. Nf3 Nc6 3. Bb5 a6 4. Ba4 Nf6 5. O-O Be7 6. Re1 b5 7. Bb3 O-O 8. c3
d5 9. exd5 Nxd5 10. Nxe5 Nxe5 11. Rxe5 c6 12. d4 Bd6 13. Re1 Qh4 14. g3 Qh3 15.
Be3 Bg4 16. Qd3 Rae8 17. Nd2 Re6 18. Bxd5 cxd5 19. a4 bxa4 20. c4 dxc4 21. Qxc4
Rfe8 22. Qf1 Qh5 23. f3 Rxe3 24. fxg4 Qxg4 25. Rxe3 Rxe3 26. Qf2 Re2 27. Qf3
Qxd4+ 28. Kf1 Rxd2 29. Re1 Qd3+ 30. Qxd3 Rxd3 31. Re8+ Bf8 32. Ra8 a3 33. bxa3
Rxa3 34. g4 Ra2 35. h4 g6 36. h5 gxh5 37. gxh5 h6 38. Re8 Kg7 39. Re4 a5 40.
Ke1 a4 41. Kd1 a3 42. Kc1 Rh2 43. Kb1 a2+ 44. Ka1 Bd6 45. Rg4+ Kf6 46. Rf4+ Ke6
47. Rf6+ Ke5 48. Re6+ Kf5 49. Rf6+ Kg4 50. Rf4+ Kg3 51. Rf3+ Kg2 52. Rf2+ Kxf2
0-1

[Event "Clippert Mini-Swiss (May)"]
[Site "Detroit, Mich."]
[Date "1990.05.19"]
[Round "2"]
[White "Moody, David"]
[Black "Lewis, James"]
[Result "1-0"]
[WhiteElo "2043"]
[BlackElo "1736"]
[PlyCount "55"]
[EventDate "1990.05.19"]

1. e4 e5 2. Nf3 Nc6 3. d4 exd4 4. Bc4 Be7 5. c3 dxc3 6. Qd5 Nh6 7. Bxh6 O-O 8.
Bxg7 Kxg7 9. Nxc3 d6 10. Qh5 Bf6 11. Nd5 Ne5 12. Nxe5 Bxe5 13. O-O-O Be6 14.
Rd3 c6 15. Ne3 Qf6 16. Bxe6 fxe6 17. Ng4 Qf4+ 18. Kd1 Bxb2 19. Re3 d5 20. g3
Qf7 21. Qh6+ Kh8 22. e5 Qf5 23. Nf6 Rf7 24. g4 Qb1+ 25. Ke2 Qxh1 26. Rh3 Qb1
27. Qh5 Qc2+ 28. Kf1 1-0

[Event "Clippert Mini-Swiss (May)"]
[Site "Detroit, Mich."]
[Date "1990.05.19"]
[Round "1"]
[White "Libby, Dan"]
[Black "Moody, David"]
[Result "0-1"]
[WhiteElo "1716"]
[BlackElo "2043"]
[PlyCount "68"]
[EventDate "1990.05.19"]

1. c4 g6 2. g3 Bg7 3. Bg2 Nf6 4. Nc3 O-O 5. Rb1 d6 6. Nf3 e5 7. O-O Nc6 8. b4
Bf5 9. e4 Nxe4 10. Nxe4 Bxe4 11. d3 Bf5 12. b5 Ne7 13. Nh4 Qc8 14. Nxf5 Nxf5
15. a4 a6 16. bxa6 Rxa6 17. Bxb7 Qb8 18. Bxa6 Qxb1 19. Be3 Qb4 20. Bb5 Nxe3 21.
fxe3 Qc5 22. Qf3 Bh6 23. Re1 Rb8 24. Qe4 f5 25. Qd5+ Kf8 26. Qxc5 dxc5 27. a5
Ke7 28. Kf2 Kd6 29. a6 c6 30. a7 Ra8 31. Ra1 cxb5 32. cxb5 Kc7 33. Rb1 Kb6 34.
Ra1 Rxa7 0-1

[Event "Lansing (MI Am/3/16)"]
[Site "?"]
[Date "1990.05.26"]
[Round "?"]
[White "Golonka, Stan"]
[Black "Aldrich, Jeff"]
[Result "1-0"]
[WhiteElo "1976"]
[BlackElo "1700"]
[PlyCount "101"]
[EventDate "1990.??.??"]

{3/(16)} 1. c4 e5 2. Nc3 Nf6 3. d3 Bc5 4. Nf3 d6 5. Bg5 Bg4 6. e3 c6 7. Be2
Nbd7 8. O-O O-O 9. Na4 Re8 10. a3 d5 11. Bxf6 gxf6 12. Nxc5 Nxc5 13. b4 Nd7 14.
Nh4 Bxe2 15. Qxe2 Nf8 16. e4 Ng6 17. Nf5 Kh8 18. c5 Rg8 19. Kh1 Nf4 20. Qf3
dxe4 21. dxe4 Qc7 22. g3 Ne6 23. Nd6 Rg6 24. Qb3 Rag8 25. Rad1 R6g7 26. Rd3 Nd4
27. Qd1 b6 28. f4 bxc5 29. bxc5 Qe7 30. fxe5 fxe5 31. Rxd4 exd4 32. Qxd4 Rf8
33. Qxg7+ Kxg7 34. Nf5+ Kf6 35. Nxe7+ Kxe7 36. Rd1 Rd8 37. Rxd8 Kxd8 38. Kg2
Ke7 39. Kf3 Kf6 40. Kf4 Ke6 41. g4 h6 42. a4 a5 43. h4 f6 44. e5 fxe5+ 45. Ke4
Kf6 46. g5+ hxg5 47. hxg5+ Kxg5 48. Kxe5 Kg6 49. Kd6 Kf7 50. Kxc6 Ke7 51. Kb7
1-0

[Event "Lansing (MI Am/2/28)"]
[Site "?"]
[Date "1990.05.26"]
[Round "?"]
[White "Aldrich, Jeff"]
[Black "Moore, Harvey"]
[Result "1-0"]
[WhiteElo "1700"]
[BlackElo "1395"]
[PlyCount "43"]
[EventDate "1990.??.??"]

{2/(28)} 1. d4 g6 2. c4 Bg7 3. Nc3 c6 4. e4 d6 5. f4 e5 6. dxe5 Qa5 7. Qxd6 Nd7
8. Bd2 Qb6 9. e6 Qxb2 10. exf7+ Kxf7 11. Rb1 Qc2 12. Bd3 Bf8 13. Qxf8+ Kxf8 14.
Bxc2 Nc5 15. Nf3 Be6 16. Ne5 Rd8 17. Be3 Nd7 18. Nxd7+ Rxd7 19. O-O Bxc4 20.
Rfd1 Rxd1+ 21. Rxd1 Ke8 22. Bd4 1-0

[Event "Lansing (MI Am/5/14)"]
[Site "?"]
[Date "1990.05.27"]
[Round "?"]
[White "Duckles, Ed"]
[Black "Aldrich, Jeff"]
[Result "0-1"]
[WhiteElo "1943"]
[BlackElo "1700"]
[PlyCount "52"]
[EventDate "1990.??.??"]

{5/(14)} 1. d4 d5 2. c4 e6 3. Nc3 Nf6 4. Bg5 Nbd7 5. cxd5 exd5 6. e3 c6 7. Bd3
Be7 8. Nge2 h6 9. Bh4 O-O 10. O-O b6 11. f3 Bb7 12. Bf2 c5 13. Ng3 Re8 14. Qd2
Rc8 15. Rae1 a6 16. Bb1 Nf8 17. Nf5 Ne6 18. Nxe7+ Rxe7 19. e4 dxe4 20. Nxe4
Nxe4 21. Bxe4 Bxe4 22. Rxe4 cxd4 23. Bxd4 f5 24. Rh4 Rd7 25. g3 Rxd4 26. Rxd4
Qxd4+ 0-1

[Event "Lansing (MI Am/4/27)"]
[Site "?"]
[Date "1990.05.27"]
[Round "?"]
[White "Aldrich, Jeff"]
[Black "Collins, Darrell"]
[Result "1-0"]
[WhiteElo "1700"]
[BlackElo "1495"]
[PlyCount "111"]
[EventDate "1990.??.??"]

{4/(27)} 1. d4 Nf6 2. c4 g6 3. Nc3 Bg7 4. e4 d6 5. f4 O-O 6. Nf3 c5 7. d5 Nbd7
8. Be2 Nb6 9. O-O Bd7 10. h3 a6 11. e5 dxe5 12. fxe5 Ne8 13. Ne4 Qc7 14. Bf4
Nc8 15. Qd2 b5 16. e6 Qd8 17. exd7 Qxd7 18. Nxc5 Qd8 19. Bh6 bxc4 20. Bxc4 Qb6
21. Be3 Qxb2 22. Qxb2 Bxb2 23. Rab1 Ned6 24. Bxa6 Ba3 25. Bd3 Bxc5 26. Bxc5
Rxa2 27. Ra1 Rxa1 28. Rxa1 Nb7 29. Be3 Nbd6 30. Ne5 e6 31. dxe6 fxe6 32. Bc5
Rd8 33. Ra8 Nf7 34. Nxf7 Kxf7 35. Ba6 Rd1+ 36. Kh2 Ra1 37. Rxc8 Rxa6 38. Rc7+
Kg8 39. Bd4 Ra4 40. Bc3 Ra3 41. Bf6 Ra5 42. Rg7+ Kf8 43. Rxh7 Rf5 44. Bc3 e5
45. Rh4 Rf4 46. Rxf4+ exf4 47. Be5 f3 48. g4 Kf7 49. Kg3 Ke6 50. Bf4 Kf7 51.
Kxf3 Ke6 52. Ke4 Kf7 53. Ke5 Ke7 54. h4 Kf7 55. Bg5 Kg7 56. Ke6 1-0

[Event "Toledo Action (June)"]
[Site "Toledo, Ohio"]
[Date "1990.06.09"]
[Round "3"]
[White "Thompson, Dexter"]
[Black "Moody, David"]
[Result "1-0"]
[WhiteElo "2383"]
[BlackElo "2043"]
[PlyCount "31"]
[EventDate "1990.06.09"]

1. e4 e5 2. Bc4 Nf6 3. d3 Bc5 4. Nc3 d6 5. f4 Nc6 6. Nf3 Bg4 7. h3 Bxf3 8. Qxf3
Qe7 9. Bb3 O-O-O 10. fxe5 Nxe5 11. Qf5+ Kb8 12. Bg5 h6 13. Bxf6 gxf6 14. O-O-O
Be3+ 15. Kb1 Rhg8 16. Nd5 1-0

[Event "Toledo Action (June)"]
[Site "Toledo, Ohio"]
[Date "1990.06.09"]
[Round "5"]
[White "Schweikert, Gary"]
[Black "Moody, David"]
[Result "0-1"]
[WhiteElo "1837"]
[BlackElo "2043"]
[PlyCount "46"]
[EventDate "1990.06.09"]

1. e4 e5 2. Nf3 Nc6 3. Bb5 a6 4. Ba4 Nf6 5. O-O Be7 6. c3 Nxe4 7. Bxc6 dxc6 8.
Nxe5 O-O 9. d4 c5 10. Be3 cxd4 11. cxd4 Be6 12. Qc2 Bd5 13. Nc3 Nxc3 14. bxc3
f6 15. Ng4 Qe8 16. c4 Qc6 17. Rfe1 Bxg2 18. Bh6 Bh3 19. d5 Qd7 20. f3 Bxg4 21.
Bxg7 Bc5+ 22. Kg2 Bxf3+ 23. Kxf3 Qh3+ 0-1

[Event "Toledo Action (June)"]
[Site "Toledo, Ohio"]
[Date "1990.06.09"]
[Round "1"]
[White "Schmoldt, Jeff"]
[Black "Moody, David"]
[Result "0-1"]
[WhiteElo "1776"]
[BlackElo "2043"]
[PlyCount "48"]
[EventDate "1990.06.09"]

1. c4 e5 2. Nc3 Nc6 3. g3 Nf6 4. Bg2 g6 5. d3 Bg7 6. e4 O-O 7. Nge2 d6 8. O-O
Nh5 9. Be3 f5 10. exf5 gxf5 11. f4 Qe8 12. Nd5 exf4 13. Nexf4 Nxf4 14. Bxf4 Qf7
15. Qd2 Nd4 16. Bh6 c6 17. Bxg7 Qxg7 18. Nf4 Bd7 19. Rae1 Rae8 20. Qb4 Nc2 21.
Qxd6 Rxe1 22. Nh5 Qd4+ 23. Qxd4 Rxf1+ 24. Kxf1 Nxd4 0-1

[Event "Toledo Action (June)"]
[Site "Toledo, Ohio"]
[Date "1990.06.09"]
[Round "2"]
[White "Moody, David"]
[Black "Powell, Timothy"]
[Result "1-0"]
[WhiteElo "2043"]
[BlackElo "1811"]
[PlyCount "81"]
[EventDate "1990.06.09"]

1. e4 e5 2. Nf3 Nc6 3. d4 exd4 4. Bc4 Bb4+ 5. c3 dxc3 6. O-O d6 7. a3 Bc5 8. b4
Bb6 9. Nxc3 Bg4 10. Qb3 Qd7 11. Bf4 Bxf3 12. gxf3 Bd4 13. Rad1 Be5 14. Bg3 Nd4
15. Bxe5 Nxb3 16. Bxg7 O-O-O 17. Bxb3 Qh3 18. Bxh8 Nf6 19. Ne2 Qxf3 20. Ng3
Rxh8 21. Bd5 c6 22. Rc1 Kd7 23. Bc4 Ng4 24. Be2 Qf4 25. Nh5 Qg5 26. Bxg4+ Kc7
27. h3 Re8 28. Ng3 Re5 29. f4 Qh4 30. fxe5 Qxg3+ 31. Kh1 Qxe5 32. Rxf7+ Kb6 33.
Bf5 h5 34. Re1 Qg3 35. Rf1 Qxa3 36. Bc8 Kb5 37. Rxb7+ Kc4 38. Rc7 Kd4 39. Rxc6
Kd3 40. Rxd6+ Kxe4 41. Bf5+ 1-0

[Event "Toledo Action (June)"]
[Site "Toledo, Ohio"]
[Date "1990.06.09"]
[Round "4"]
[White "Moody, David"]
[Black "Gorham, William"]
[Result "1-0"]
[WhiteElo "2043"]
[BlackElo "1794"]
[PlyCount "35"]
[EventDate "1990.06.09"]

1. e4 c5 2. Nf3 d6 3. d4 cxd4 4. Nxd4 Nf6 5. Nc3 g6 6. Be3 Bg7 7. f3 Nc6 8. Bc4
a6 9. Qd2 Ne5 10. Bb3 O-O 11. h4 h5 12. O-O-O b5 13. Bh6 Bb7 14. g4 hxg4 15. h5
Nxh5 16. Rxh5 gxh5 17. Qg5 Ng6 18. Qxg6 1-0

[Event "Toledo Action (June)"]
[Site "Toledo, Ohio"]
[Date "1990.06.09"]
[Round "6.1"]
[White "Moody, David"]
[Black "Baze, Lineas"]
[Result "0-1"]
[WhiteElo "2043"]
[BlackElo "2089"]
[PlyCount "40"]
[EventDate "1990.06.09"]

1. Nf3 c5 2. g3 Nc6 3. Bg2 d5 4. d4 Nf6 5. O-O e6 6. c4 dxc4 7. Qa4 Be7 8. Ne5
O-O 9. Nxc6 bxc6 10. dxc5 a5 11. Bxc6 Rb8 12. Bf4 Rb4 13. Qc2 Bxc5 14. Rd1 Qb6
15. Bf3 Rxb2 16. Qxc4 Ba6 17. Qc3 Bxe2 18. Bc7 Bxf2+ 19. Kg2 Bxf3+ 20. Kxf3
Qb7+ 0-1

[Event "Trenton Quads (June)"]
[Site "Trenton, Mich."]
[Date "1990.06.16"]
[Round "3"]
[White "Moody, David"]
[Black "Kung, Fred"]
[Result "1-0"]
[WhiteElo "2043"]
[BlackElo "1884"]
[PlyCount "57"]
[EventDate "1990.06.16"]

1. c4 e6 2. e4 d5 3. cxd5 exd5 4. exd5 Qxd5 5. Nc3 Qd8 6. Bc4 Nf6 7. Nf3 Be7 8.
d4 c6 9. O-O Nbd7 10. Bxf7+ Kxf7 11. Ng5+ Ke8 12. Qb3 Nf8 13. Qf7+ Kd7 14. d5
Qe8 15. dxc6+ Kxc6 16. Qc4+ Bc5 17. Qb5+ Kc7 18. Qxc5+ Qc6 19. Bf4+ Kd8 20.
Qxc6 bxc6 21. Nf7+ Ke7 22. Nxh8 Bf5 23. Rfe1+ Ne6 24. Rad1 Rxh8 25. Bg5 Rb8 26.
b3 Rb7 27. Na4 Kf7 28. Bxf6 Kxf6 29. Rd6 1-0

[Event "Trenton Quads (June)"]
[Site "Trenton, Mich."]
[Date "1990.06.16"]
[Round "1"]
[White "Moody, David"]
[Black "Brattin, Vincent"]
[Result "1-0"]
[WhiteElo "2043"]
[BlackElo "1975"]
[PlyCount "87"]
[EventDate "1990.06.16"]

1. d4 d5 2. Nf3 Nf6 3. e3 e6 4. Bd3 c5 5. c3 Qb6 6. Nbd2 Nc6 7. O-O Bd7 8. Qe2
cxd4 9. exd4 h6 10. Ne5 Nxe5 11. dxe5 Ng8 12. Nb3 f5 13. Be3 Qc7 14. Qh5+ Kd8
15. Qf7 Ne7 16. Nd4 Qxe5 17. Nb5 Be8 18. Bd4 Qxd4 19. Qxe8+ Kxe8 20. Nxd4 Kd7
21. Rfe1 g6 22. Bb5+ Nc6 23. Rxe6 Bg7 24. Rxg6 Bxd4 25. cxd4 Rae8 26. Rc1 Re4
27. Bxc6+ bxc6 28. Rgxc6 Rxd4 29. Rc7+ Kd6 30. R1c6+ Ke5 31. Re7+ Kf4 32. g3+
Kf3 33. Rc3+ Kg4 34. Rg7+ Kh5 35. Rf3 Rf8 36. Kg2 Rg4 37. Rxa7 f4 38. h3 Rg6
39. g4+ Kh4 40. Rd7 h5 41. Rxd5 hxg4 42. hxg4 Rxg4+ 43. Kh2 Rg5 44. Rh3+ 1-0

[Event "Trenton Quads (June)"]
[Site "Trenton, Mich."]
[Date "1990.06.16"]
[Round "2"]
[White "Gabbara, Faris"]
[Black "Moody, David"]
[Result "1-0"]
[WhiteElo "2102"]
[BlackElo "2043"]
[PlyCount "47"]
[EventDate "1990.06.16"]

1. e4 e5 2. f4 exf4 3. Nf3 g5 4. h4 g4 5. Ne5 d5 6. d4 Bh6 7. Nc3 Nf6 8. g3
Nxe4 9. Nxe4 dxe4 10. Bc4 Be6 11. Bxe6 fxe6 12. Qxg4 Qf6 13. O-O Qf5 14. Bxf4
Qxg4 15. Nxg4 Bg7 16. c3 Na6 17. Rae1 c5 18. Rxe4 O-O-O 19. dxc5 Rd5 20. c6
bxc6 21. Rxe6 Kd7 22. Rfe1 Rg8 23. Re7+ Kd8 24. Rxa7 1-0

[Event "Grand Rapids Open"]
[Site "Grand Rapids, Mich."]
[Date "1990.06.23"]
[Round "1"]
[White "Moody, David"]
[Black "Smith, Michael D"]
[Result "1-0"]
[WhiteElo "2112"]
[BlackElo "1418"]
[PlyCount "47"]
[EventDate "1990.06.23"]

1. e4 d5 2. Nc3 dxe4 3. Nxe4 g6 4. Bc4 Bg7 5. Nf3 Nf6 6. Nxf6+ Bxf6 7. d4 O-O
8. Bh6 Re8 9. Qd2 e6 10. O-O-O c6 11. h4 Na6 12. h5 Nc7 13. hxg6 fxg6 14. Ng5
Nd5 15. Bd3 e5 16. dxe5 Rxe5 17. Nxh7 Kxh7 18. Bf4+ Kg7 19. Bxe5 Bxe5 20. Qh6+
Kf7 21. Bxg6+ Ke6 22. Bf5+ Kxf5 23. Rh5+ Ke4 24. f3# 1-0

[Event "Grand Rapids Open"]
[Site "Grand Rapids, Mich."]
[Date "1990.06.23"]
[Round "3"]
[White "Moody, David"]
[Black "Fischvogt, Eric"]
[Result "0-1"]
[WhiteElo "2112"]
[BlackElo "2285"]
[PlyCount "42"]
[EventDate "1990.06.23"]

1. Nf3 Nf6 2. g3 d5 3. Bg2 g6 4. O-O Bg7 5. d3 O-O 6. Nbd2 c5 7. e4 Nc6 8. Re1
b6 9. Qe2 Nb4 10. Qd1 dxe4 11. dxe4 Bb7 12. a3 Nc6 13. Qe2 e5 14. Nc4 Ba6 15.
Nfd2 Ne8 16. Bf1 Nd6 17. Qd3 Nd4 18. b4 cxb4 19. axb4 Bxc4 20. Nxc4 Nxc4 21. c3
Nb3 0-1

[Event "Grand Rapids Open"]
[Site "Grand Rapids, Mich."]
[Date "1990.06.23"]
[Round "2"]
[White "Moceri, Paul"]
[Black "Moody, David"]
[Result "0-1"]
[WhiteElo "1614"]
[BlackElo "2112"]
[PlyCount "60"]
[EventDate "1990.06.23"]

1. e4 e5 2. Nf3 Nc6 3. Bc4 Nf6 4. Ng5 d5 5. exd5 Na5 6. d3 h6 7. Nf3 e4 8. Nd4
Nxc4 9. dxc4 Bc5 10. Be3 O-O 11. h3 Nd7 12. Nc3 Ne5 13. Qe2 f5 14. O-O-O f4 15.
Ne6 Bxe3+ 16. fxe3 f3 17. gxf3 exf3 18. Qf2 Bxe6 19. dxe6 Qf6 20. Nd5 Qxe6 21.
Kb1 Nxc4 22. Rd3 Rad8 23. e4 Qe5 24. Rd4 c6 25. Rxc4 cxd5 26. exd5 Qe2 27. Qd4
f2 28. b3 f1=Q+ 29. Rxf1 Qxf1+ 30. Kb2 Qf6 0-1

[Event "Grand Rapids Open"]
[Site "Grand Rapids, Mich."]
[Date "1990.06.24"]
[Round "5"]
[White "Moody, David"]
[Black "Brooks, Brion"]
[Result "1-0"]
[WhiteElo "2112"]
[BlackElo "1700"]
[PlyCount "79"]
[EventDate "1990.06.23"]

1. e4 e6 2. d4 d5 3. Nc3 Bb4 4. e5 c5 5. a3 Bxc3+ 6. bxc3 Nc6 7. Nf3 Qc7 8. a4
Nge7 9. Bb5 Bd7 10. Ba3 cxd4 11. cxd4 Qa5+ 12. Qd2 Qxd2+ 13. Kxd2 Na5 14. Kd3
Bxb5+ 15. axb5 Nc4 16. Nd2 Nxd2 17. Kxd2 Kd7 18. Bc5 a6 19. Rhb1 a5 20. Ra4 Nc8
21. b6 Kc6 22. c4 Ra6 23. cxd5+ exd5 24. Rc1 Nxb6 25. Bxb6+ Kxb6 26. Rc5 Rd8
27. Kc3 Rd7 28. Kb3 Ka7 29. Raxa5 Rxa5 30. Rxa5+ Kb8 31. Kb4 Kc7 32. Rc5+ Kd8
33. Kb5 Ke7 34. Kb6 f6 35. f4 g5 36. g3 h5 37. Rc8 fxe5 38. fxe5 Ke6 39. Rf8
Rh7 40. Rf6+ 1-0

[Event "Grand Rapids Open"]
[Site "Grand Rapids, Mich."]
[Date "1990.06.24"]
[Round "4"]
[White "Jarosz, Stan"]
[Black "Moody, David"]
[Result "0-1"]
[WhiteElo "2096"]
[BlackElo "2112"]
[PlyCount "79"]
[EventDate "1990.06.23"]

1. d4 Nf6 2. c4 c5 3. Nf3 cxd4 4. Nxd4 Nc6 5. Nc3 g6 6. e4 Bg7 7. Be3 Ng4 8.
Qxg4 Nxd4 9. Qd1 Ne6 10. Qd2 Qa5 11. Rc1 O-O 12. b3 f5 13. exf5 Qxf5 14. Be2 d6
15. O-O Bd7 16. Nd5 Qf7 17. Bg4 Nc5 18. Bxd7 Nxd7 19. Bg5 Nf6 20. Nxf6+ Bxf6
21. Bxf6 Qxf6 22. Qd5+ Kh8 23. Qxb7 Qb2 24. Qxe7 Rae8 25. Qxa7 Re2 26. Rcd1 Qc2
27. Qd4+ Kg8 28. Rde1 Rd2 29. Qe3 Qxa2 30. Rd1 Re2 31. Qg3 Rb2 32. Qxd6 Rbxf2
33. Qd5+ R8f7 34. Qd8+ Rf8 35. Qd5+ R8f7 36. Rxf2 Qxf2+ 37. Kh1 Qe2 38. h3 Kg7
39. Qd4+ Kg8 40. Ra1 0-1

[Event "Glass City Hexagons"]
[Site "Toledo, Ohio"]
[Date "1990.06.30"]
[Round "1"]
[White "Thompson, Dexter"]
[Black "Moody, David"]
[Result "1/2-1/2"]
[WhiteElo "2359"]
[BlackElo "2112"]
[PlyCount "123"]
[EventDate "1990.06.30"]

1. d4 Nf6 2. Nc3 g6 3. e4 d6 4. f4 Bg7 5. Nf3 O-O 6. e5 dxe5 7. dxe5 Qxd1+ 8.
Kxd1 Ng4 9. Ke1 Nc6 10. Nd5 Bf5 11. c3 Rad8 12. Nxc7 a6 13. h3 Nh6 14. Be3 Rd7
15. Nxa6 bxa6 16. Bxa6 Bd3 17. Bxd3 Rxd3 18. Ke2 Rfd8 19. Nd4 Nxd4+ 20. cxd4
Rxe3+ 21. Kxe3 Nf5+ 22. Kf3 Nxd4+ 23. Ke4 f5+ 24. exf6 exf6 25. Rhd1 f5+ 26.
Ke3 Nc2+ 27. Kf3 Re8 28. Rab1 Re3+ 29. Kf2 Re4 30. Rd8+ Kf7 31. Rd7+ Kf8 32.
Rc1 Bd4+ 33. Kg3 Re2 34. b4 Be3 35. Rcd1 Ne1 36. Rxe1 Rxe1 37. b5 Rb1 38. a4
Rb4 39. Kf3 Bxf4 40. b6 Rxa4 41. b7 Rb4 42. g3 Be5 43. g4 fxg4+ 44. hxg4 Rf4+
45. Ke3 Rxg4 46. Rxh7 Rb4 47. Rd7 g5 48. Kf3 g4+ 49. Kg2 Rb2+ 50. Kg1 g3 51.
Rd5 Bc7 52. Rc5 Rxb7 53. Rc2 Be5 54. Kg2 Rh7 55. Rc1 Rh2+ 56. Kf3 Rf2+ 57. Kg4
g2 58. Kh3 Rd2 59. Rg1 Rd3+ 60. Kxg2 Rg3+ 61. Kh2 Rxg1+ 62. Kxg1 1/2-1/2

[Event "Glass City Hexagons"]
[Site "Toledo, Ohio"]
[Date "1990.06.30"]
[Round "5"]
[White "Smith, Michael R"]
[Black "Moody, David"]
[Result "0-1"]
[WhiteElo "1927"]
[BlackElo "2112"]
[PlyCount "84"]
[EventDate "1990.06.30"]

1. e4 e5 2. Nf3 Nc6 3. Bb5 a6 4. Ba4 Nf6 5. O-O Be7 6. Re1 b5 7. Bb3 O-O 8. d4
Nxd4 9. Nxd4 exd4 10. e5 Ne8 11. Qxd4 c5 12. Qe4 Rb8 13. c3 Bb7 14. Qe2 d6 15.
e6 c4 16. Bc2 Nf6 17. Bf5 Kh8 18. exf7 Rxf7 19. Be6 Rf8 20. Bxc4 Ne4 21. Bd3
Rxf2 22. Qe3 Bg5 23. Qd4 Bxc1 24. Bxe4 Bxb2 25. Qxf2 Bxa1 26. a3 d5 27. Rd1 Qe7
28. Bxd5 Rf8 29. Qd4 Bxd5 30. Qxd5 Qe3+ 31. Kh1 Bxc3 32. Nxc3 Qxc3 33. Qd6 Qf6
34. Qxf6 gxf6 35. Rd6 Rc8 36. Kg1 Rc1+ 37. Kf2 Rc2+ 38. Kf1 Ra2 39. Rxa6 b4 40.
Rb6 bxa3 41. Rxf6 Rb2 42. Ra6 a2 0-1

[Event "Glass City Hexagons"]
[Site "Toledo, Ohio"]
[Date "1990.06.30"]
[Round "4"]
[White "Moody, David"]
[Black "Rincon, Helio"]
[Result "1-0"]
[WhiteElo "2112"]
[BlackElo "1809"]
[PlyCount "49"]
[EventDate "1990.06.30"]

1. e4 e5 2. Nf3 Nc6 3. d4 exd4 4. Bc4 Be7 5. c3 d6 6. cxd4 Bg4 7. Qb3 Bxf3 8.
Bxf7+ Kf8 9. Bxg8 Bh5 10. Qxb7 Nxd4 11. Bb3 Rb8 12. Qxa7 Nxb3 13. axb3 Rxb3 14.
O-O Bf6 15. Nc3 Bxc3 16. bxc3 Rb5 17. Qd4 Qf6 18. Ra8+ Be8 19. Qa4 Qe5 20. c4
Rc5 21. Be3 Ke7 22. Qa6 Bb5 23. cxb5 Rxa8 24. Qxa8 Rxb5 25. Qc6 1-0

[Event "Glass City Hexagons"]
[Site "Toledo, Ohio"]
[Date "1990.06.30"]
[Round "2"]
[White "Moody, David"]
[Black "Anderson, James"]
[Result "1-0"]
[WhiteElo "2112"]
[BlackElo "1847"]
[PlyCount "53"]
[EventDate "1990.06.30"]

1. e4 c5 2. Nf3 d6 3. d4 cxd4 4. Nxd4 Nf6 5. Nc3 g6 6. Be3 Nc6 7. f3 Bg7 8. Bc4
O-O 9. Qd2 Bd7 10. h4 Rc8 11. h5 Ne5 12. Bb3 Nxh5 13. g4 Nxg4 14. fxg4 Bxg4 15.
Bh6 Qa5 16. Bxg7 Kxg7 17. Rh4 Nf6 18. Qh6+ Kg8 19. Nde2 Bxe2 20. Kxe2 Rxc3 21.
bxc3 Qxc3 22. Rg1 d5 23. Rg5 e5 24. Rf5 gxf5 25. Qg5+ Kh8 26. Qxf6+ Kg8 27.
Qg5+ 1-0

[Event "Glass City Hexagons"]
[Site "Toledo, Ohio"]
[Date "1990.06.30"]
[Round "3"]
[White "Broyles, Tom"]
[Black "Moody, David"]
[Result "1/2-1/2"]
[WhiteElo "1842"]
[BlackElo "2112"]
[PlyCount "85"]
[EventDate "1990.06.30"]

1. e4 e5 2. Nf3 Nc6 3. Bb5 a6 4. Ba4 Nf6 5. O-O Be7 6. Re1 b5 7. Bb3 O-O 8. c3
d5 9. exd5 Nxd5 10. Nxe5 Nxe5 11. Rxe5 c6 12. d4 Bd6 13. Bg5 f6 14. Rxd5 cxd5
15. Bxd5+ Kh8 16. Bxa8 fxg5 17. Nd2 Be6 18. Be4 Qf6 19. Qe2 h6 20. b3 Bg4 21.
f3 Bh5 22. Rf1 b4 23. Qd3 bxc3 24. Qxc3 Rd8 25. b4 Bf4 26. Nb3 Qd6 27. Qc5
Bxh2+ 28. Kh1 Qf4 29. Qf5 Qxf5 30. Bxf5 Bf4 31. Re1 Bf7 32. Rd1 Bxb3 33. axb3
Rd6 34. Re1 g6 35. Bc8 Rxd4 36. Bxa6 Rxb4 37. Bc4 Kg7 38. Re7+ Kf8 39. Re6 Kg7
40. Re7+ Kf8 41. Rf7+ Ke8 42. Rg7 Rb6 43. Bf7+ 1/2-1/2

[Event "East Detroit Open"]
[Site "East Detroit, Mich."]
[Date "1990.07.20"]
[Round "1"]
[White "Bee, Anthony"]
[Black "Moody, David"]
[Result "1/2-1/2"]
[WhiteElo "1871"]
[BlackElo "2112"]
[PlyCount "59"]
[EventDate "1990.07.20"]

1. d4 Nf6 2. c4 c5 3. d5 e6 4. dxe6 fxe6 5. Nf3 Nc6 6. Nc3 d5 7. e3 d4 8. Nb1
e5 9. g3 e4 10. Nh4 Be7 11. exd4 cxd4 12. Bg2 O-O 13. O-O Ne5 14. Bg5 Nxc4 15.
Qb3 Qd5 16. Nd2 Nxd2 17. Qxd5+ Nxd5 18. Bxd2 g5 19. Bxe4 Nf6 20. Nf5 Nxe4 21.
Nxe7+ Kf7 22. Bb4 a5 23. Nxc8 Rfxc8 24. Rfe1 axb4 25. Rxe4 b3 26. Rxd4 Rxa2 27.
Rb1 Rc2 28. Rb4 Raxb2 29. Rxb7+ Kg6 30. Rxb3 1/2-1/2

[Event "East Detroit Open"]
[Site "East Detroit, Mich."]
[Date "1990.07.21"]
[Round "2"]
[White "Moody, David"]
[Black "June, Brian"]
[Result "0-1"]
[WhiteElo "2112"]
[BlackElo "1805"]
[PlyCount "60"]
[EventDate "1990.07.20"]

1. Nc3 c5 2. e4 Nc6 3. f4 e6 4. Nf3 Nge7 5. g3 d5 6. Bg2 dxe4 7. Nxe4 Nd5 8.
O-O Be7 9. d3 O-O 10. Qe2 Qc7 11. c3 b6 12. Bd2 Ba6 13. Neg5 Rad8 14. c4 Nf6
15. Bc3 h6 16. Ne5 Nd4 17. Bxd4 Rxd4 18. Nexf7 Rxf7 19. Nxf7 Kxf7 20. Rae1 Bc8
21. Bh3 Qc6 22. f5 Rd6 23. fxe6+ Bxe6 24. Bg2 Qd7 25. Qh5+ Kg8 26. Qe5 Ng4 27.
Qh5 Bg5 28. Bh3 Be3+ 29. Kg2 Rxd3 30. Rf3 Rd2+ 0-1

[Event "U.S. Open"]
[Site "Jacksonville, Fla."]
[Date "1990.08.05"]
[Round "1"]
[White "Moody, David"]
[Black "Penland, Bill"]
[Result "1-0"]
[WhiteElo "2112"]
[BlackElo "1647"]
[PlyCount "47"]
[EventDate "1990.08.05"]

1. e4 e6 2. d4 d5 3. Nc3 Bb4 4. e5 c5 5. a3 Bxc3+ 6. bxc3 Qc7 7. Nf3 Nc6 8. a4
Nge7 9. Bb5 O-O 10. Bd3 h6 11. Bf4 cxd4 12. cxd4 Ng6 13. Be3 Nce7 14. h4 f6 15.
h5 Nh8 16. Qd2 fxe5 17. Nxe5 Nf5 18. Bxf5 Rxf5 19. g4 Rf8 20. g5 hxg5 21. h6
gxh6 22. Rxh6 Bd7 23. Bxg5 Kg7 24. Bf6+ 1-0

[Event "US Open Quads 1"]
[Site "Jacksonville, Fla."]
[Date "1990.08.06"]
[Round "1"]
[White "Moody, David"]
[Black "Hall, Charles"]
[Result "0-1"]
[WhiteElo "2112"]
[BlackElo "2134"]
[PlyCount "44"]
[EventDate "1990.08.06"]

1. e4 Nf6 2. Nc3 d5 3. e5 d4 4. exf6 dxc3 5. bxc3 exf6 6. Bc4 Bd7 7. Nf3 Bd6 8.
d4 O-O 9. O-O Nc6 10. Qd3 Re8 11. Nh4 Ne7 12. Re1 b5 13. Bxf7+ Kxf7 14. Qxh7
Nf5 15. Qh5+ Kg8 16. Rxe8+ Qxe8 17. Qxe8+ Rxe8 18. Nf3 Nh4 19. Be3 Nxf3+ 20.
gxf3 Kf7 21. Kf1 Bxh2 22. f4 Bh3+ 0-1

[Event "US Open Quads 1"]
[Site "Jacksonville, Fla."]
[Date "1990.08.06"]
[Round "3"]
[White "Maynard, Dewey"]
[Black "Moody, David"]
[Result "1-0"]
[WhiteElo "2172"]
[BlackElo "2112"]
[PlyCount "73"]
[EventDate "1990.08.06"]

1. e4 e5 2. Nf3 Nc6 3. Bb5 a6 4. Ba4 Nf6 5. O-O Be7 6. Re1 b5 7. Bb3 O-O 8. c3
d5 9. exd5 Nxd5 10. Nxe5 Nxe5 11. Rxe5 c6 12. Bxd5 cxd5 13. d4 Bd6 14. Re1 Qh4
15. g3 Qh3 16. Qf3 Bf5 17. Qg2 Rae8 18. Qxh3 Rxe1+ 19. Qf1 Rfe8 20. Be3 Rxf1+
21. Kxf1 Bh3+ 22. Ke2 f5 23. Kd2 Bg4 24. b4 g5 25. f4 gxf4 26. gxf4 Re4 27. a4
Bxf4 28. Bxf4 Rxf4 29. axb5 axb5 30. Na3 Rf2+ 31. Ke3 Re2+ 32. Kf4 Rxh2 33.
Nxb5 Rf2+ 34. Kg5 Be2 35. Nd6 Rg2+ 36. Kxf5 h5 37. b5 1-0